Iniciación a la abogacía./ (Registro nro. 7944)
[ vista simple ]
| 000 -LEADER | |
|---|---|
| fixed length control field | 02249nam a2200217Ia 4500 |
| 005 - FECHA Y HORA DE LA ÚLTIMA TRANSACCIÓN | |
| control field | 20250710113440.0 |
| 008 - FIXED-LENGTH DATA ELEMENTS--GENERAL INFORMATION | |
| fixed length control field | 230425s9999 xx 000 0 und d |
| 020 ## - INTERNATIONAL STANDARD BOOK NUMBER | |
| International Standard Book Number | 9684326750 |
| 040 ## - CATALOGING SOURCE | |
| Original cataloging agency | UPAN |
| Transcribing agency | Biblioteca San Vicente |
| Description conventions | RCAA2 |
| 041 ## - LANGUAGE CODE | |
| Language code of text/sound track or separate title | spa |
| 082 ## - DEWEY DECIMAL CLASSIFICATION NUMBER | |
| Classification number | 340.34 |
| Item number | M721i |
| año de publicación | 1990 |
| 100 ## - MAIN ENTRY--PERSONAL NAME | |
| Personal name | Moliérac, J. |
| Relator code | aut. |
| 245 #0 - TITLE STATEMENT | |
| Title | Iniciación a la abogacía./ |
| Remainder of title | J.Molièrac |
| 250 ## - EDITION STATEMENT | |
| Edition statement | 3° ed. |
| 260 ## - PUBLICATION, DISTRIBUTION, ETC. (IMPRINT) | |
| Place of publication, distribution, etc | Mexico: |
| Name of publisher, distributor, etc | Porrúa, |
| Date of publication, distribution, etc | 1990 |
| 300 ## - PHYSICAL DESCRIPTION | |
| Extent | 235 p.: |
| Dimensions | 22 cm. |
| 505 ## - FORMATTED CONTENTS NOTE | |
| Formatted contents note | 1. Introducción a la vida judicial<br/>. Grandeza y servidumbre judiciales<br/>. Gente del Rey y de justicia<br/>. El abogado<br/>. Iniciación a la Abogacía <br/>. La asistencia judicial <br/><br/>II. Breve historia de la orden de los abogados<br/>. El orador judicial en la antigua Grecia<br/>. Roma<br/>. Los primeros colegios de abogados<br/>. Los orígenes de la profesión de abogado en las Galias<br/>. La orden de los Abogados<br/>. El bastonero de la cofradía de San Nicolás<br/>. La curia<br/>. El consejo de la orden<br/>. La supresión de la orden en 1790<br/>. El restablecimiento de la orden <br/>. La carta Magna del Foro <br/><br/>III. Disciplinas<br/>. La tradición <br/>. Los deberes de honor del abogado<br/>. Defensa, acto de protección libre<br/>. Los honorarios<br/>. La confraternidad<br/>. Intercambio de documentos<br/>. Y todas las razones contra la parte adversa se deben decir con cortesía<br/>. Nuestra toga es del mismo paño que la de los magistrados<br/>. El pro y el contra<br/>. El derecho de la defensa <br/><br/>IV. El alegato a través de los siglos<br/>. Atenas<br/>. Roma<br/>. Las Galias<br/>. El alegato escolástico<br/>. El Renacimiento<br/>. Del final del renacimiento al siglo XVII<br/>. El siglo XVII<br/>. El alegato clásico<br/>. El foro bajo el reinado de Luis XIV<br/>. El siglo XVII<br/>. El espíritu liberal del foro bajo la restauración <br/>. El alegato romántico<br/>. El alegato en el siglo XX <br/><br/>V. El alegato previo a la audiencia<br/>. El cliente y su causa<br/>. El tiempo de la meditación<br/>. El tiempo de la construcción<br/>. La palabra y la escritura <br/><br/>VI. El alegato<br/>. Vir bonus<br/>. Dicendi peritus<br/>. Esclarecer<br/>. Convencer<br/>. Agradar<br/>. Conmover<br/>. Est modus in rebus<br/>. Las sorpresas de la audiencia <br/><br/>VII. Independencia |
| 650 ## - SUBJECT ADDED ENTRY--TOPICAL TERM | |
| Source of heading or term | LEMB |
| Topical term or geographic name as entry element | Abogados ètica profesional |
| 700 ## - ADDED ENTRY--PERSONAL NAME | |
| Personal name | Macedo, Pablo |
| Relator code | tr. |
| 942 ## - ADDED ENTRY ELEMENTS (KOHA) | |
| Koha item type | Libros |
| Source of classification or shelving scheme | Dewey Decimal Classification |
| Withdrawn status | Lost status | Source of classification or shelving scheme | Damaged status | Not for loan | Collection code | Home library | Current library | Date acquired | Total Checkouts | Full call number | Barcode | Date last seen | Price effective from | Koha item type |
|---|---|---|---|---|---|---|---|---|---|---|---|---|---|---|
| Dewey Decimal Classification | Colección General | Biblioteca UPAN San Vicente | Biblioteca UPAN San Vicente | 25/04/2023 | 340.34 M721i | 12000537 | 25/04/2023 | 25/04/2023 | Libros |